The mind and method of the economist: a critical appraisal of major economists in the 20th century (Record no. 51244)

MARC details
000 -LEADER
fixed length control field 00712nam a2200169 a 4500
008 - FIXED-LENGTH DATA ELEMENTS--GENERAL INFORMATION
fixed length control field 120416s1989 ||||||||||||||||| || u
020 ## - INTERNATIONAL STANDARD BOOK NUMBER
International Standard Book Number 1852781246
050 ## - LIBRARY OF CONGRESS CALL NUMBER
Classification number HB 131 Loa
100 ## - MAIN ENTRY--PERSONAL NAME
Personal name Loasby, Brian John, 1930-
245 14 - TITLE STATEMENT
Title The mind and method of the economist: a critical appraisal of major economists in the 20th century
260 ## - PUBLICATION, DISTRIBUTION, ETC.
Place of publication, distribution, etc. Aldershot:
Name of publisher, distributor, etc. Edward Elgar Gower Pub. Co
Date of publication, distribution, etc. 1989
300 ## - PHYSICAL DESCRIPTION
Extent xv, 226p.
350 ## - PRICE (NR) (BK AM CF MU VM SE) [OBSOLETE]
Price 0.00
500 ## - GENERAL NOTE
General note Includes bibliographical references (p. 209-218) and indexes.
650 ## - SUBJECT ADDED ENTRY--TOPICAL TERM
Topical term or geographic name entry element ECONOMICS--HISTORY--20TH CENTURY
995 ## - RECOMMENDATION 995 [LOCAL, UNIMARC FRANCE]
-- 0.00
-- CBU-MAIN LIBRARY (Kitwe)
-- 1
-- 16.95
-- AVAILABLE
-- Annex Low-Usage Collection
Holdings
Withdrawn status Lost status Source of classification or shelving scheme Damaged status Not for loan Home library Current library Shelving location Date acquired Total Checkouts Full call number Barcode Date last seen Price effective from Koha item type
          CBU-MAIN LIBRARY, KITWE. CBU-MAIN LIBRARY, KITWE.   11/30/2022   HB 131 Loa 018972 11/30/2022 11/30/2022 MONOGRAPH